[Event "Hastings Masters op"]
[Site "Hastings"]
[Date "2022.12.28"]
[Round "1"]
[White "Grieve, Harry"]
[Black "Harari, Zaki"]
[Result "1-0"]
[WhiteElo "2438"]
[BlackElo "2030"]
[PlyCount "65"]
[EventDate "2022.12.28"]
[EventType "swiss"]
[EventRounds "10"]
[EventCountry "ENG"]
[SourceTitle "CBM 212 Extra"]
[Source "ChessBase"]
[SourceDate "2023.03.31"]
[SourceVersion "1"]
[SourceVersionDate "2023.03.31"]
[SourceQuality "1"]

1. e4 c5 2. Nf3 e6 3. Nc3 Nc6 4. d4 cxd4 5. Nxd4 Nf6 6. Nxc6 bxc6 7. e5 Nd5 8. Ne4 Qc7 9. f4 Qb6 10. c4 Ne3 11. Qd3 Qb4+ 12. Kf2 Nxf1 13. Rxf1 Be7 14. a3 Qb8 15. Be3 0-0 16. Kg1 a5 17. Bd4 Rd8 18. Rad1 Ba6 19. f5 d5 20. exd6 Bxd6 21. fxe6 f6 22. Kh1 Be7 23. Qc3 Qc8 24. Rde1 c5 25. Bxf6 gxf6 26. Nxf6+ Bxf6 27. Qxf6 Rf8 28. Qg5+ Kh8 29. Qe5+ Kg8 30. Rxf8+ Qxf8 31. e7 Qe8 32. Qd5+ Kg7 33. Qxa8 1-0

[Event "Newcastle Northumbria Masters"]
[Site "Newcastle on Tyne"]
[Date "2019.08.23"]
[Round "1"]
[White "Brown, Martin"]
[Black "Harari, Zaki"]
[Result "1/2-1/2"]
[WhiteElo "2265"]
[BlackElo "2042"]
[PlyCount "71"]
[EventDate "2019.08.23"]
[EventType "swiss"]
[EventRounds "9"]
[EventCountry "ENG"]
[SourceTitle "EXT 2020"]
[Source "ChessBase"]
[SourceDate "2019.10.17"]
[SourceVersion "1"]
[SourceVersionDate "2019.10.17"]
[SourceQuality "1"]

1. e4 e5 2. Nf3 Nc6 3. d4 exd4 4. Nxd4 Bc5 5. Nb3 Bb6 6. Nc3 Nf6 7. Bg5 h6 8. Bh4 g5 9. Bg3 d6 10. Bb5 Bd7 11. Qe2 Qe7 12. 0-0-0 0-0-0 13. Rhe1 Rhe8 14. a4 a5 15. Qd2 Nb4 16. f3 Qe6 17. Kb1 Bxb5 18. Nxb5 Qc4 19. Bf2 Bxf2 20. Qxf2 b6 21. Rd4 Qe6 22. Rxb4 axb4 23. N3d4 Qc4 24. Nc6 Kb7 25. Nxd8+ Rxd8 26. b3 Qc5 27. Qd2 Re8 28. Nd4 Nd5 29. Kb2 Nc3 30. Ne2 Qf2 31. Kc1 Na2+ 32. Kb2 Nc3 33. Kc1 Na2+ 34. Kb2 Nc3 35. Kc1 Na2+ 36. Kb2 1/2-1/2

[Event "Douglas IoM op"]
[Site "Douglas"]
[Date "2018.10.27"]
[Round "8"]
[White "Dushyant, Sharma"]
[Black "Harari, Zaki"]
[Result "1-0"]
[WhiteElo "2289"]
[BlackElo "2055"]
[PlyCount "89"]
[EventDate "2018.10.20"]
[EventType "swiss"]
[EventRounds "9"]
[EventCountry "ENG"]
[SourceTitle "CBM 187"]
[Source "ChessBase"]
[SourceDate "2018.12.11"]
[SourceVersion "1"]
[SourceVersionDate "2018.12.11"]
[SourceQuality "1"]

1. e4 e5 2. Nf3 Nc6 3. Nc3 Nf6 4. Bb5 d6 5. d4 exd4 6. Nxd4 Bd7 7. f4 Be7 8. Nf3 0-0 9. 0-0 Re8 10. Bd3 Bf8 11. a3 a6 12. Bd2 b5 13. b4 g6 14. Qe2 Bg7 15. Rae1 Bg4 16. Qf2 Qd7 17. h3 Bxf3 18. Qxf3 Rad8 19. Kh1 h6 20. Qf2 Nh7 21. Nd5 Ne7 22. f5 gxf5 23. Nf4 Nf6 24. Bc3 Nxe4 25. Bxe4 Bxc3 26. Qg3+ Bg7 27. Bd3 d5 28. Re2 Qd6 29. Rfe1 Kf8 30. Re6 Qd7 31. R1e2 c6 32. Nh5 Ng6 33. Bxf5 Rxe6 34. Bxe6 Qd6 35. Qf2 Qc7 36. Qf5 Re8 37. Rf2 Ne5 38. Bxf7 Qxf7 39. Qh7 Nf3 40. Rxf3 Re1+ 41. Kh2 Be5+ 42. Ng3 Qxf3 43. Qxh6+ Kf7 44. Qh7+ Kf6 45. Qh4+ 1-0

[Event "BCF-chT2 1718 (4NCL) Demotion pool"]
[Site "England"]
[Date "2018.05.05"]
[Round "9.86"]
[White "Hynes, Anthony"]
[Black "Harari, Zaki"]
[Result "0-1"]
[WhiteElo "2147"]
[BlackElo "2030"]
[PlyCount "104"]
[EventDate "2017.11.11"]
[EventType "team-tourn"]
[EventRounds "11"]
[EventCountry "ENG"]
[SourceTitle "EXT 2020"]
[Source "ChessBase"]
[SourceDate "2019.10.17"]
[SourceVersion "1"]
[SourceVersionDate "2019.10.17"]
[SourceQuality "1"]
[WhiteTeam "Warwicks Select"]
[BlackTeam "Barbican Youth"]
[WhiteTeamCountry "ENG"]
[BlackTeamCountry "ENG"]

1. e4 e5 2. Nf3 Nc6 3. Bc4 Bc5 4. c3 Nf6 5. d3 0-0 6. 0-0 d5 7. exd5 Nxd5 8. b4 Be7 9. Re1 Bf6 10. b5 Na5 11. Bxd5 Qxd5 12. c4 Qd8 13. Re4 Bf5 14. Nc3 Bxe4 15. Nxe4 b6 16. Nxf6+ Qxf6 17. Bb2 Rfe8 18. c5 Qf5 19. Rc1 Rad8 20. Ne1 Qf4 21. cxb6 cxb6 22. a4 Rc8 23. g3 Rxc1 24. Bxc1 Qf5 25. Bb2 h6 26. Kg2 Rd8 27. Bc3 Nb7 28. Qe2 f6 29. Qa2+ Kh7 30. Qf7 Qd7 31. Qc4 Qd5+ 32. Qxd5 Rxd5 33. Kf3 Nc5 34. a5 Na4 35. Bd2 Rxb5 36. axb6 axb6 37. Ke4 Kg6 38. f4 Rb2 39. Nf3 Nc5+ 40. Ke3 exf4+ 41. gxf4 Rb3 42. Ne1 Kf5 43. Kd4 Rb1 44. Ke3 Ke6 45. Nf3 Kd5 46. d4 Rb3+ 47. Ke2 Ne6 48. Be3 b5 49. f5 Ng5 50. Nd2 Ra3 51. h4 Ne4 52. Nf1 b4 0-1

[Event "BCF-chT2a 1718 (4NCL)"]
[Site "England"]
[Date "2018.01.14"]
[Round "4.47"]
[White "Li, Harry"]
[Black "Harari, Zaki"]
[Result "1/2-1/2"]
[WhiteElo "2017"]
[BlackElo "2025"]
[PlyCount "109"]
[EventDate "2017.11.11"]
[EventType "team-tourn"]
[EventRounds "7"]
[EventCountry "ENG"]
[SourceTitle "EXT 2020"]
[Source "ChessBase"]
[SourceDate "2019.10.17"]
[SourceVersion "1"]
[SourceVersionDate "2019.10.17"]
[SourceQuality "1"]
[WhiteTeam "White Rose II"]
[BlackTeam "Barbican Youth"]
[WhiteTeamCountry "ENG"]
[BlackTeamCountry "ENG"]

1. e4 e5 2. Nf3 Nc6 3. Bc4 Bc5 4. c3 Nf6 5. d3 d6 6. Bb3 0-0 7. 0-0 h6 8. h3 a6 9. Re1 Re8 10. Nbd2 Ba7 11. Nf1 Ne7 12. Ng3 Ng6 13. Be3 Bxe3 14. Rxe3 c6 15. d4 Qc7 16. Re1 Bd7 17. Qd2 Rad8 18. dxe5 dxe5 19. Qe3 c5 20. Rad1 c4 21. Bc2 Bc8 22. Nf5 Rxd1 23. Rxd1 Bxf5 24. exf5 Nf4 25. Nd2 Rd8 26. Ne4 Rxd1+ 27. Bxd1 Nxe4 28. Qxe4 Qd6 29. Bf3 b5 30. b3 cxb3 31. axb3 Kf8 32. Qb7 Nd3 33. Bd5 Qf6 34. Qc8+ Ke7 35. Qc7+ Kf8 36. Be4 Nf4 37. Qc8+ Ke7 38. Qc7+ Kf8 39. Qc8+ Ke7 40. Qc7+ Kf8 41. c4 bxc4 42. bxc4 Kg8 43. c5 Ne2+ 44. Kf1 Nc3 45. Bd3 e4 46. Qc8+ Kh7 47. Bxa6 Qg5 48. g4 Qf4 49. Qb7 Qf3 50. Kg1 Nd1 51. Qxf7 Qxf2+ 52. Kh1 Qf3+ 53. Kh2 Qf4+ 54. Kh1 Qf3+ 55. Kh2 1/2-1/2

[Event "Douglas IoM op"]
[Site "Douglas"]
[Date "2017.10.01"]
[Round "9"]
[White "Harari, Zaki"]
[Black "Bianco, Valerio"]
[Result "1/2-1/2"]
[WhiteElo "2027"]
[BlackElo "2086"]
[PlyCount "123"]
[EventDate "2017.09.23"]
[EventType "swiss"]
[EventRounds "9"]
[EventCountry "IOM"]
[SourceTitle "CBM 181"]
[Source "ChessBase"]
[SourceDate "2017.11.10"]
[SourceVersion "1"]
[SourceVersionDate "2017.11.10"]
[SourceQuality "1"]

1. e4 c6 2. d3 d5 3. Qe2 dxe4 4. dxe4 e5 5. f4 Nd7 6. Nf3 Bd6 7. Nc3 Qc7 8. f5 Ngf6 9. g4 h6 10. a3 a5 11. Qg2 Nc5 12. Nd2 b5 13. Be2 Bb7 14. h4 Nfd7 15. g5 hxg5 16. hxg5 0-0-0 17. Rxh8 Rxh8 18. a4 b4 19. Nd1 Nb6 20. b3 Ba6 21. Bxa6+ Nxa6 22. Bb2 Bc5 23. Nf3 f6 24. Qf1 Kb7 25. Nf2 Be3 26. Nd3 Nd7 27. Ke2 Ba7 28. Qg2 Nac5 29. Nxc5+ Nxc5 30. Nd2 Rh5 31. gxf6 gxf6 32. Re1 Qh7 33. Kd1 Rh2 34. Qf3 Rh3 35. Qf1 Rh4 36. Qf3 Rh3 37. Qf1 Rh4 38. Qc4 Nd7 39. c3 Bf2 40. Re2 Bc5 41. Qe6 Rh3 42. Nc4 Kc7 43. Nxa5 Rd3+ 44. Kc2 Rd6 45. Qc4 Qh1 46. Rd2 Rxd2+ 47. Kxd2 Qb1 48. Bc1 bxc3+ 49. Qxc3 Qxe4 50. Nc4 Qg2+ 51. Kd1 Qf1+ 52. Kd2 Qf2+ 53. Kd1 Kd8 54. Qd3 Ke7 55. Bd2 Bd4 56. b4 Qg1+ 57. Kc2 Qa1 58. Qb3 Qf1 59. Qd3 Qa1 60. Qb3 Qf1 61. Qd3 Qa1 62. Qb3 1/2-1/2

[Event "Douglas IoM op"]
[Site "Douglas"]
[Date "2017.09.29"]
[Round "7"]
[White "Maloberti, David"]
[Black "Harari, Zaki"]
[Result "1-0"]
[WhiteElo "2132"]
[BlackElo "2027"]
[PlyCount "111"]
[EventDate "2017.09.23"]
[EventType "swiss"]
[EventRounds "9"]
[EventCountry "IOM"]
[SourceTitle "CBM 181"]
[Source "ChessBase"]
[SourceDate "2017.11.10"]
[SourceVersion "1"]
[SourceVersionDate "2017.11.10"]
[SourceQuality "1"]

1. d4 Nf6 2. c4 c5 3. d5 d6 4. Nc3 g6 5. e4 Bg7 6. Be2 0-0 7. Nf3 e6 8. 0-0 Na6 9. Bg5 h6 10. Be3 Ng4 11. Bf4 e5 12. Bd2 f5 13. h3 Nf6 14. Nh4 Kh7 15. exf5 gxf5 16. Nf3 Nc7 17. Nh2 Qe8 18. f4 e4 19. Be3 h5 20. Qe1 Qg6 21. Qh4 Bh6 22. Kf2 Rg8 23. Rg1 Bd7 24. g3 Rg7 25. Rg2 Rh8 26. Rb1 Kg8 27. b4 cxb4 28. Rxb4 b6 29. Rb3 Na6 30. Bd4 Rf7 31. Ra3 Bc8 32. Nb5 Bg7 33. Ke3 Nb4 34. Bf1 a6 35. Nxd6 Nfxd5+ 36. cxd5 Nxd5+ 37. Ke2 Bxd4 38. Nxf7 Bf6 39. Ng5 Qe8 40. Kd1 Qe7 41. Rb3 Be6 42. Bc4 Qc5 43. Bxd5 Bxd5 44. g4 Bxb3+ 45. axb3 Rh7 46. Qe1 Rc7 47. Ke2 Qb5+ 48. Kf2 Bd4+ 49. Kg3 Rc3+ 50. Kh4 Qxb3 51. gxf5 Bf6 52. Kxh5 Bxg5 53. Rxg5+ Kh7 54. h4 e3 55. Rg6 Qf7 56. Qxc3 1-0

[Event "Douglas IoM op"]
[Site "Douglas"]
[Date "2017.09.27"]
[Round "5"]
[White "Harari, Zaki"]
[Black "Daulyte Cornette, Deimante"]
[Result "0-1"]
[WhiteElo "2027"]
[BlackElo "2404"]
[PlyCount "82"]
[EventDate "2017.09.23"]
[EventType "swiss"]
[EventRounds "9"]
[EventCountry "IOM"]
[SourceTitle "CBM 181"]
[Source "ChessBase"]
[SourceDate "2017.11.10"]
[SourceVersion "1"]
[SourceVersionDate "2017.11.10"]
[SourceQuality "1"]

1. e4 d6 2. d4 Nf6 3. f3 d5 4. e5 Nfd7 5. f4 c5 6. Nf3 Nc6 7. c4 cxd4 8. cxd5 Qa5+ 9. Nbd2 Qxd5 10. Bc4 Qa5 11. 0-0 e6 12. Ng5 h6 13. Nge4 Nc5 14. a3 Nxe4 15. Nxe4 Bd7 16. b4 Qc7 17. Qe2 Rc8 18. Bb3 Qb6 19. Kh1 Na5 20. Bc2 Qc7 21. Ra2 Qc4 22. Bd3 Qxc1 23. bxa5 Qc7 24. a6 b6 25. Rc2 Qd8 26. Rxc8 Qxc8 27. f5 exf5 28. Nd6+ Bxd6 29. exd6+ Kf8 30. Qe7+ Kg8 31. Re1 Kh7 32. g4 Qc3 33. Bxf5+ Bxf5 34. gxf5 Qf3+ 35. Kg1 Qg4+ 36. Kh1 Qxf5 37. d7 Qd5+ 38. Kg1 d3 39. Qe4+ Qxe4 40. Rxe4 Rd8 41. Rd4 Kg6 0-1

[Event "Coulsdon Jessie Gilbert 10th"]
[Site "Coulsdon"]
[Date "2017.08.25"]
[Round "9"]
[White "Harari, Zaki"]
[Black "Strugnell, Carl"]
[Result "0-1"]
[WhiteElo "2048"]
[BlackElo "2288"]
[PlyCount "56"]
[EventDate "2017.08.21"]
[EventType "tourn"]
[EventRounds "9"]
[EventCountry "ENG"]
[SourceTitle "CBM 180 Extra"]
[Source "ChessBase"]
[SourceDate "2017.10.06"]
[SourceVersion "1"]
[SourceVersionDate "2017.10.06"]
[SourceQuality "1"]

1. e4 e5 2. f4 exf4 3. Nf3 Ne7 4. d4 d5 5. e5 Ng6 6. h4 Be7 7. h5 Nh4 8. Bxf4 Bg4 9. Qd3 Bxf3 10. gxf3 0-0 11. Nd2 c5 12. dxc5 b6 13. cxb6 axb6 14. Bg3 Na6 15. Bh3 Nc5 16. Qe2 f5 17. b4 Ne6 18. Qf2 Ra4 19. c3 Qc7 20. Bxh4 Qxe5+ 21. Kf1 Bxh4 22. Qxh4 Qxc3 23. Rd1 Rxa2 24. Rh2 Nd4 25. Qf2 Qd3+ 26. Kg1 Re8 27. Bf1 Qc3 28. Ne4 Nxf3+ 0-1

[Event "Coulsdon Jessie Gilbert 10th"]
[Site "Coulsdon"]
[Date "2017.08.24"]
[Round "6"]
[White "Wall, Gavin"]
[Black "Harari, Zaki"]
[Result "1-0"]
[WhiteElo "2329"]
[BlackElo "2048"]
[PlyCount "67"]
[EventDate "2017.08.21"]
[EventType "tourn"]
[EventRounds "9"]
[EventCountry "ENG"]
[SourceTitle "CBM 180 Extra"]
[Source "ChessBase"]
[SourceDate "2017.10.06"]
[SourceVersion "1"]
[SourceVersionDate "2017.10.06"]
[SourceQuality "1"]

1. d4 d5 2. Nf3 Nf6 3. Bf4 e6 4. e3 c5 5. c3 Nc6 6. Nbd2 cxd4 7. exd4 Bd6 8. Bg3 Bxg3 9. hxg3 Qb6 10. Qb3 Qxb3 11. axb3 Bd7 12. b4 Ng4 13. Bd3 h5 14. b5 Ne7 15. 0-0 Nc8 16. b3 0-0 17. Ra2 Re8 18. Re1 g6 19. c4 Kg7 20. Ne5 Nxe5 21. dxe5 b6 22. Nf3 Rd8 23. Be2 dxc4 24. bxc4 Be8 25. Ng5 Rd4 26. Rd1 Rxd1+ 27. Bxd1 f6 28. Nxe6+ Kf7 29. Nc7 Rb8 30. Bf3 Ne7 31. Rxa7 Kf8 32. exf6 Nf5 33. Ne6+ Kg8 34. Ng5 1-0

[Event "London Kings Place Rapid op 5th"]
[Site "London"]
[Date "2017.07.08"]
[Round "1"]
[White "Harari, Zaki"]
[Black "Hebden, Mark"]
[Result "0-1"]
[WhiteElo "2048"]
[BlackElo "2477"]
[PlyCount "60"]
[EventDate "2017.07.08"]
[EventType "swiss (rapid)"]
[EventRounds "6"]
[EventCountry "ENG"]
[SourceTitle "CBM 179 Extra"]
[Source "ChessBase"]
[SourceDate "2017.08.23"]
[SourceVersion "1"]
[SourceVersionDate "2017.08.23"]
[SourceQuality "1"]

1. d4 Nf6 2. c4 g6 3. Nc3 Bg7 4. e4 d6 5. f4 c5 6. d5 0-0 7. Nf3 e6 8. Be2 exd5 9. cxd5 Bg4 10. h3 Bxf3 11. Bxf3 Nbd7 12. 0-0 Qa5 13. a4 a6 14. Bd2 c4 15. Re1 Rfe8 16. Qc2 Qc7 17. a5 Nc5 18. Na4 Nb3 19. Ra3 Nxd2 20. Qxd2 Nd7 21. Kh1 b5 22. axb6 Nxb6 23. Nc3 Qc5 24. Rea1 a5 25. Na4 Nxa4 26. Rxa4 c3 27. bxc3 Bxc3 28. Qc1 Bxa1 29. Qxa1 Rac8 30. Rxa5 Qe3 0-1

[Event "London Classic op 8th"]
[Site "London"]
[Date "2016.12.09"]
[Round "1"]
[White "Cornette, Matthieu"]
[Black "Harari, Zaki"]
[Result "1-0"]
[WhiteElo "2597"]
[BlackElo "2102"]
[PlyCount "73"]
[EventDate "2016.12.09"]
[EventType "swiss"]
[EventRounds "9"]
[EventCountry "ENG"]
[SourceTitle "CBM 176 Extra"]
[Source "ChessBase"]
[SourceDate "2017.03.02"]
[SourceVersion "1"]
[SourceVersionDate "2017.03.02"]
[SourceQuality "1"]

1. e4 e5 2. Nf3 Nc6 3. Bc4 Bc5 4. 0-0 Nf6 5. d3 d6 6. c3 a6 7. a4 0-0 8. Bg5 h6 9. Bh4 Bb6 10. Na3 Qe7 11. Re1 Bg4 12. h3 Bh5 13. g4 Bg6 14. Nc2 Nd8 15. d4 c6 16. a5 Bc7 17. d5 cxd5 18. exd5 Rc8 19. Bd3 Bb8 20. Nfd4 Ba7 21. Qf3 Rc5 22. c4 Bxd3 23. Qxd3 Qc7 24. Bxf6 exd4 25. Be7 Ne6 26. Bxf8 Nxf8 27. Nxd4 Rxc4 28. Nc6 Rxc6 29. dxc6 Qxc6 30. Rac1 Qd7 31. Qc4 d5 32. Qc7 Qa4 33. Qd8 Qf4 34. Qxf8+ Kh7 35. Qa3 Qxf2+ 36. Kh1 Bb8 37. Qd3+ 1-0

[Event "BCF-chT2a 1617 (4NCL)"]
[Site "England"]
[Date "2016.11.19"]
[Round "1.14"]
[White "Stephens, John KF"]
[Black "Harari, Zaki"]
[Result "1/2-1/2"]
[WhiteElo "2140"]
[BlackElo "2094"]
[PlyCount "87"]
[EventDate "2016.11.19"]
[EventType "team-tourn"]
[EventRounds "11"]
[EventCountry "ENG"]
[SourceTitle "EXT 2019"]
[Source "ChessBase"]
[SourceDate "2018.10.10"]
[SourceVersion "1"]
[SourceVersionDate "2018.10.10"]
[SourceQuality "1"]
[WhiteTeam "West is Best"]
[BlackTeam "Barbican Youth"]
[WhiteTeamCountry "ENG"]
[BlackTeamCountry "ENG"]

1. e4 e5 2. Nf3 Nc6 3. Bb5 a6 4. Ba4 Nf6 5. 0-0 Be7 6. d3 b5 7. Bb3 d6 8. c3 0-0 9. Re1 Na5 10. Bc2 c5 11. Nbd2 Re8 12. Nf1 h6 13. Ng3 Bf8 14. d4 Qc7 15. h3 g6 16. Bd3 Bg7 17. d5 c4 18. Bc2 Nb7 19. Be3 Nc5 20. Qd2 Kh7 21. b4 cxb3 22. axb3 Bd7 23. Rec1 Rec8 24. Ne1 a5 25. f3 Be8 26. Ne2 Nfd7 27. b4 Nb7 28. Bd3 Nb6 29. Nc2 Nc4 30. Bxc4 Qxc4 31. Bb6 axb4 32. cxb4 Ra2 33. Rxa2 Qxa2 34. Nc3 Qb2 35. Nd1 Qa2 36. Nc3 Qb3 37. Ne2 Qb2 38. Be3 Rc4 39. Ne1 Rxb4 40. Rc2 Qb1 41. Rc1 Qb2 42. Rc2 Qb1 43. Rc1 Qb2 44. Rc2 1/2-1/2

[Event "London Crouch op"]
[Site "London"]
[Date "2016.04.07"]
[Round "6"]
[White "Moreby, James"]
[Black "Harari, Zaki"]
[Result "0-1"]
[WhiteElo "2008"]
[BlackElo "2065"]
[PlyCount "48"]
[EventDate "2016.04.02"]
[EventType "swiss"]
[EventRounds "9"]
[EventCountry "ENG"]
[SourceTitle "CBM 171 Extra"]
[Source "ChessBase"]
[SourceDate "2016.04.26"]
[SourceVersion "1"]
[SourceVersionDate "2016.04.26"]
[SourceQuality "1"]

1. e4 d6 2. d4 Nf6 3. Nc3 g6 4. Be3 c6 5. f3 Bg7 6. Qd2 0-0 7. 0-0-0 Qa5 8. Kb1 e5 9. g4 Nbd7 10. h4 h5 11. g5 Nh7 12. f4 Nb6 13. Qf2 exf4 14. Bxf4 c5 15. Nb5 Bg4 16. Nf3 Na4 17. Bxd6 a6 18. Na3 Qb4 19. Nc4 Nc3+ 20. Ka1 Nxd1 21. Qe2 Nxb2 22. Bxf8 Bxd4 23. c3 Qxc3 24. Nxb2 Qc1# 0-1

[Event "London Crouch op"]
[Site "London"]
[Date "2016.04.03"]
[Round "2"]
[White "Tarhon, Brian"]
[Black "Harari, Zaki"]
[Result "1-0"]
[WhiteElo "2293"]
[BlackElo "2065"]
[PlyCount "131"]
[EventDate "2016.04.02"]
[EventType "swiss"]
[EventRounds "9"]
[EventCountry "ENG"]
[SourceTitle "CBM 171 Extra"]
[Source "ChessBase"]
[SourceDate "2016.04.26"]
[SourceVersion "1"]
[SourceVersionDate "2016.04.26"]
[SourceQuality "1"]

1. e4 d5 2. exd5 Qxd5 3. Nc3 Qd6 4. d4 Nf6 5. Bc4 c6 6. h3 g6 7. Nf3 Bg7 8. 0-0 0-0 9. Re1 Nbd7 10. Qe2 Nb6 11. Bb3 a5 12. a4 e6 13. Ne4 Nxe4 14. Qxe4 Nd5 15. c4 Nf6 16. Qh4 Re8 17. c5 Qf8 18. Bf4 Nd7 19. Bd6 Bf6 20. Qe4 Qg7 21. Ne5 Nxe5 22. dxe5 Be7 23. Rad1 Qf8 24. Rd3 Bxd6 25. Rxd6 Qe7 26. Red1 Kg7 27. g3 Rb8 28. Bc4 b6 29. cxb6 Rxb6 30. b3 Qc7 31. Qf4 Qe7 32. Qd4 Qc7 33. Qc5 Ba6 34. Rd7 Qb8 35. Qd4 Bxc4 36. Qf4 Rf8 37. Qf6+ Kg8 38. Rxf7 Rxf7 39. Rd8+ Qxd8 40. Qxd8+ Rf8 41. Qxb6 Bd5 42. Qxa5 Rf3 43. b4 Rd3 44. Qd8+ Kg7 45. Qf6+ Kg8 46. Kh2 Rf3 47. Qd8+ Kg7 48. Qb6 h5 49. Qc5 g5 50. a5 Kf7 51. Qc2 Kg7 52. Qd2 Kg6 53. h4 gxh4 54. gxh4 Kf5 55. a6 Rf4 56. a7 Rxh4+ 57. Kg3 Rg4+ 58. Kh3 Rg8 59. Qh6 Ra8 60. Qh7+ Kf4 61. Qb7 c5 62. Qf7+ Kxe5 63. b5 Kd6 64. b6 e5 65. Qc7+ Ke6 66. b7 1-0

[Event "Southend op 60th"]
[Site "Southend"]
[Date "2016.03.26"]
[Round "4"]
[White "Harari, Zaki"]
[Black "Matthews, Adrian MS"]
[Result "1-0"]
[WhiteElo "2056"]
[BlackElo "1882"]
[PlyCount "43"]
[EventDate "2016.03.25"]
[EventType "swiss"]
[EventRounds "7"]
[EventCountry "ENG"]
[SourceTitle "CBM 171 Extra"]
[Source "ChessBase"]
[SourceDate "2016.04.26"]
[SourceVersion "1"]
[SourceVersionDate "2016.04.26"]
[SourceQuality "1"]

1. e4 c5 2. Nf3 Nc6 3. d4 cxd4 4. Nxd4 e5 5. Nb5 a6 6. Nd6+ Bxd6 7. Qxd6 Qf6 8. Qd1 Qg6 9. Nc3 Nf6 10. Qd6 Ng4 11. Qxg6 hxg6 12. Nd5 0-0 13. Bg5 d6 14. f3 Nh6 15. 0-0-0 f6 16. Bxh6 gxh6 17. Nb6 Rb8 18. Rxd6 Kg7 19. Bc4 Rd8 20. Rhd1 Rxd6 21. Rxd6 Ne7 22. Rd8 1-0

[Event "Southend op 60th"]
[Site "Southend"]
[Date "2016.03.25"]
[Round "2"]
[White "Harari, Zaki"]
[Black "Eyles, Kier"]
[Result "1-0"]
[WhiteElo "2056"]
[BlackElo "1859"]
[PlyCount "64"]
[EventDate "2016.03.25"]
[EventType "swiss"]
[EventRounds "7"]
[EventCountry "ENG"]
[SourceTitle "CBM 171 Extra"]
[Source "ChessBase"]
[SourceDate "2016.04.26"]
[SourceVersion "1"]
[SourceVersionDate "2016.04.26"]
[SourceQuality "1"]

1. e4 c6 2. d4 d5 3. f3 dxe4 4. fxe4 e5 5. Nf3 Bg4 6. Bc4 Nh6 7. Bxh6 gxh6 8. Bxf7+ Ke7 9. Bb3 exd4 10. 0-0 Bg7 11. Qe1 Qd7 12. Ne5 Bxe5 13. Rf7+ Ke8 14. Rxd7 Nxd7 15. Qh4 h5 16. Nd2 Bf4 17. Nc4 b5 18. Na5 Rc8 19. h3 Be3+ 20. Kh1 Be2 21. Re1 Bd2 22. Rxe2 Bxa5 23. Rf2 Rf8 24. Qxh5+ Kd8 25. Rxf8+ Nxf8 26. e5 Rc7 27. Qf5 Ng6 28. e6 c5 29. Bd5 Be1 30. Qf1 Bg3 31. Qxb5 Nf4 32. Qb8+ Rc8 1-0

[Event "Douglas PokerStars op"]
[Site "Douglas"]
[Date "2015.10.05"]
[Round "3"]
[White "Harari, Zaki"]
[Black "Ambartsumova, Karina"]
[Result "0-1"]
[WhiteElo "2053"]
[BlackElo "2262"]
[PlyCount "114"]
[EventDate "2015.10.03"]
[EventType "swiss"]
[EventRounds "9"]
[EventCountry "IOM"]
[SourceTitle "CBM 168 Extra"]
[Source "ChessBase"]
[SourceDate "2015.10.29"]
[SourceVersion "1"]
[SourceVersionDate "2015.10.29"]
[SourceQuality "1"]

1. e4 d6 2. d4 Nf6 3. Nc3 Nbd7 4. Nf3 e5 5. Bc4 Be7 6. 0-0 0-0 7. h3 c6 8. a4 a6 9. Be3 b6 10. Qe2 Bb7 11. Rfd1 b5 12. Bb3 Qc7 13. Bg5 b4 14. Nb1 h6 15. Bh4 a5 16. Nbd2 Rfe8 17. Bg3 Bf8 18. dxe5 dxe5 19. Nc4 Ba6 20. Nfd2 Nc5 21. Qf3 Nxb3 22. Qxb3 Nd7 23. Qf3 Bc5 24. Ne3 Bxe3 25. Qxe3 Nf8 26. Nf3 Ng6 27. Rd2 Rad8 28. Rad1 f6 29. Qc5 Be2 30. Rxd8 Rxd8 31. Rxd8+ Qxd8 32. Qxc6 Qd1+ 33. Kh2 Bxf3 34. gxf3 Qxf3 35. Qd5+ Kh7 36. Qd3 Qxd3 37. cxd3 Kg8 38. f3 Kf7 39. Kg1 Ke6 40. Kf1 Kd7 41. Ke1 h5 42. Kd2 Kc6 43. Ke3 Nf8 44. f4 Nd7 45. fxe5 fxe5 46. Kd2 g5 47. Kc2 g4 48. h4 Kd6 49. d4 Ke6 50. d5+ Kd6 51. Bf2 g3 52. Bxg3 Nc5 53. Bf2 b3+ 54. Kd1 Nxe4 55. Bb6 Nf2+ 56. Kc1 Ne4 57. Bd8 Kxd5 0-1

[Event "London Kings Place Rapid op 3rd"]
[Site "London"]
[Date "2015.07.11"]
[Round "1"]
[White "Harari, Zaki"]
[Black "Hebden, Mark"]
[Result "0-1"]
[WhiteElo "2053"]
[BlackElo "2500"]
[PlyCount "56"]
[EventDate "2015.07.11"]
[EventType "swiss (rapid)"]
[EventRounds "6"]
[EventCountry "ENG"]
[SourceTitle "CBM 167 Extra"]
[Source "ChessBase"]
[SourceDate "2015.09.14"]
[SourceVersion "1"]
[SourceVersionDate "2015.09.14"]
[SourceQuality "1"]

1. e4 e5 2. Nf3 Nc6 3. d4 exd4 4. Bc4 Nf6 5. 0-0 Bc5 6. e5 d5 7. exf6 dxc4 8. Re1+ Be6 9. Ng5 Qd5 10. Nc3 Qf5 11. Nce4 0-0-0 12. Nxe6 fxe6 13. g4 Qe5 14. fxg7 Rhg8 15. Bh6 Be7 16. f4 Qd5 17. Qf3 d3 18. c3 Rd7 19. Nd2 Bf6 20. b3 Bxc3 21. Qxd5 exd5 22. Red1 Nd4 23. Kf2 Bxa1 24. Rxa1 c3 25. Nf3 Nxf3 26. Kxf3 d2 27. f5 Rdxg7 28. Bxg7 c2 0-1